| 000 | 00814nab a2200253 4500 | ||
|---|---|---|---|
| 003 | BR-BrBNA | ||
| 005 | 20260112223759.0 | ||
| 008 | 260112b bl.||||| |||| 00| 0 por d | ||
| 040 |
_aBR-BrBNA _bpor |
||
| 072 | _aS20 ; S01 ; E14 ; Q04 | ||
| 100 | _aZani, Ariovaldo | ||
| 245 |
_aA segurança alimentar em xeque _bArtigo |
||
| 500 | _a2 illus. | ||
| 650 | _aFOME | ||
| 650 | _aSEGURANÇA ALIMENTAR | ||
| 650 | _aDESNUTRIÇÃO | ||
| 650 | _aOBESIDADE | ||
| 650 | _aDESPERDÍCIO | ||
| 650 | _aQUALIDADE DO ALIMENTO | ||
| 650 | _aINOVAÇÃO TECNOLÓGICA | ||
| 773 | 0 |
_01706 _9348136 _dSão Paulo-SP Editora Três Ltda - E-mail: luizfsa@revistadinheiro.com.br 2004 _o2025-0627 _tDinheiro Rural (Brazil) _x1807-3700 _gv. 9(114) p. 82; (May 2014) _wBR2025005938 |
|
| 942 | _cANA | ||
| 999 |
_c339815 _d339815 |
||